000 00208 a2200085 4500
020 _a9789358707908
100 _aMalhotra, O. P.
_91531408
245 _aRevised new mathematics today 2
260 _bS Chand
_c2025
999 _c1651069
_d1651038